| 000 | 01404naa a22003257a 4500 | ||
|---|---|---|---|
| 001 | BR8708064 | ||
| 003 | BR-BrBNA | ||
| 005 | 20240918175914.0 | ||
| 007 | ta | ||
| 008 | 230509b bl.||||| |||| 00| 0 por d | ||
| 040 |
_aBR-BrBNA _bpor _cBiblioteca Nacional de Agricultura |
||
| 041 | _a(Pt) | ||
| 072 |
_aL72 _b5240 _b4060 _b3887 _bG514 |
||
| 090 | _aL72 BR8708064 | ||
| 100 | 1 | _aCramer, L.G. | |
| 100 | 1 | _aBridi, A.A. | |
| 111 | 1 |
_a3. Seminario Brasileiro de Parasitologia Veterinaria _cBalneario Camboriu, SC (Brazil) _d18-23 Oct 1982 |
|
| 245 | 1 | _aProdutividade com ivermectin em ovinos no sul do Brasil | |
| 246 | 1 | _a[Productivity with ivermectin in sheeps in the south of Brazil] | |
| 246 | 1 | _a[Annals of the 3. Brasilian Seminary on Veterinary Parasitology] | |
| 260 | 3 |
_aBrasilia, DF (Brasil): _c1985. |
|
| 500 | _aBeck, A.A.H. (ed.) Anais do 3. Seminario Brasileiro de Parasitologia Veterinaria Brasilia, DF (Brasil): 1985. p. 171-207 (BR8708064-AM)L72 | ||
| 650 | _aOVINO | ||
| 650 | _aHELMINTO | ||
| 650 | _aANTI-HELMINTICO | ||
| 650 | _aCONTROLE QUIMICO | ||
| 773 | 0 |
_tAnais do 3. Seminario Brasileiro de Parasitologia Veterinaria _aBeck, A.A.H. (ed.). Empresa Brasileira de Pesquisa Agropecuaria, Brasilia, DF (Brasil). Depto. de Difusao de Tecnologia _wL72 BR8708064 _gBrasilia, DF (Brasil), 1985. p. 171-207 |
|
| 909 |
_a202404 _bLucia _c55 _dLucia Elande |
||
| 942 |
_cAM _2AGRIS |
||
| 999 |
_c318693 _d318693 |
||